Statistiques concernant Les sélectionneurs de l'équipe de France de football

Cliquez ici pour prendre le quiz!

Statistiques générales

  • Ce quiz a été pris 877 fois
  • Le résultat moyen est 8 sur 17

Statistiques - réponses

PériodesSélectionneurs% Correct
2012 à aujoud'huiDidier Deschamps
100%
2010-2012Laurent Blanc
94%
2004-2010Raymond Domenech
92%
1993-1998Aimé Jacquet
89%
1988-1992Michel Platini
74%
2002-2004Jacques Santini
58%
1998-2002Roger Lemerre
58%
1976-1984Mihel Hidalgo
52%
1984-1988Henri Michel
40%
1967Just Fontaine
38%
1992-1993Gérard Houllier
35%
1973-1975Stefan Kovacs
14%
1969-1973Georges Boulogne
9%
1966Jean Snella
7%
1966José Arribas
6%
1964-1966Henri Guérin
5%
1967-1969Louis Dugauguez
5%

Distribution des résultats

Percentile par nombre de réponses

% des personnes avec chaque résultat

Votre développement - résultats

Vous n’avez pas pris ce quiz